| 000 | 00752nam a22002657a 4500 | ||
|---|---|---|---|
| 001 | 0074 | ||
| 003 | DO-SdBNP | ||
| 005 | 20171116101847.0 | ||
| 007 | 0074 | ||
| 008 | 151112b1996 xx | |||| 00| 0 spa d | ||
| 020 | _a18877691030 | ||
| 040 |
_aBPMSU _bspa _cBPMSU |
||
| 082 | 4 |
_aRD861.44 _bV468c |
|
| 100 | 1 | 0 |
_aVentura, Miriam, _d1957- |
| 245 | 1 | 0 |
_aClaves para fantasmas / _cMiriam Ventura |
| 260 |
_aNew York : _bAlcance, _c1996. |
||
| 300 |
_a90 p. : _c22 cm. |
||
| 500 | _3Incluye referencias bibliográficas y notas al pie de las páginas | ||
| 650 | _aPOESÍA DOMINICANA | ||
| 650 | _aLITERATURA DOMINICANA | ||
| 942 |
_2ddc _cBK |
||
| 945 | _aIvnentariado / 2017 VM | ||
| 956 | _aBrenda Tavárez | ||
| 956 | _aValidado. Control de calidad MFF | ||
| 999 |
_c8665 _d8665 |
||